000 00665nam a22001817a 4500
003 OSt
005 20250626075146.0
008 250626b |||||||| |||| 00| 0 eng d
020 _a9789713704610
040 _aDWCL - Main lib
_cOC
082 _aFil. 621.3819 U55 2017
245 _a Understanding PC hardware:
_bcomputer assembly,upgrade,repair and digital design./
260 _aCainta rizal, Philippines:
_bJemma development,
_c2017.
300 _aviii, 184, pages:
_b illustrations;
_c25cm.
504 _aIncludes bibliographical reference
650 _a1.Microcomputers-- Maintenance and repair-- I. Jemma Development Group.
942 _2ddc
_cBK - FIL
_kFil.
_n0
999 _c3290
_d3290